[Event "ISR-chT 2018"]
[Site "Israel"]
[Date "2018.03.02"]
[Round "11"]
[White "Shohat, Yotam"]
[Black "Kaspi, Alexander"]
[Result "0-1"]
[WhiteElo "2172"]
[BlackElo "2455"]
[Annotator "TA"]
[PlyCount "98"]
[EventDate "2018.??.??"]
[EventType "team-tourn"]
[EventCountry "ISR"]
[SourceTitle "playchess.com"]
[Source "ChessBase"]
[SourceQuality "1"]

{[%evp 15,98,0,18,-2,0,0,0,0,0,0,0,0,0,0,0,0,0,-33,-16,-23,-3,-12,-14,0,0,0,21,7,15,7,22,22,30,37,61,14,30,0,0,0,14,0,0,0,9,0,58,58,140,146,131,135,204,208,253,139,166,164,214,214,219,218,214,215,219,239,222,219,240,234,325,316,265,302,696,267,761,750,603,65,56,65,61,-5624,-5624]} 1. e4 c5 2. Nf3 d6 3. d4 cxd4 4. Qxd4 Nc6 5. Bb5 Bd7 6. Bxc6 bxc6 7. O-O e5 8. Qd3 Be7 {LiveBook: 9 Games} 9. Na3 {B53: Sicilian: 2...d6: Lines with Qxd4} (9. Rd1 h6 10. Nbd2 Nf6 11. Nc4 Qc7 12. b3 O-O 13. Ba3 c5 14. Nxd6 Rad8 15. Nc4 Bc6 16. Qc3 Bxe4 17. Qxe5 Qxe5 18. Nfxe5 Rxd1+ 19. Rxd1 Bxc2 {1-0 (68) Zhang,Z (2592)-Wahono,A (2372) Jakarta 2011}) 9... Be6 10. Rd1 Qc7 11. Nc4 {[%cal Rc4d6] The position is equal.} Rd8 12. Bd2 Rd7 $146 ({Find the theoretical novelty and annotate with similar games:} 12... Nf6 13. Ba5 Bxc4 14. Bxc7 Bxd3 15. Bxd8 Bxc2 16. Bxe7 Kxe7 {0-1 (66) Sundararajan,K (2424)-Koop,T (2194) Dresden 2014}) 13. Bb4 Bxc4 14. Qxc4 Nf6 15. Bc3 O-O 16. Rd3 Qb7 17. Qa4 Rc7 18. Nd2 Nd7 {Strongly threatening ...Nc5.} 19. Bb4 Nb6 20. Qb3 d5 21. Bxe7 Rxe7 22. a4 {[%cal Ba2a4,Ba4a5][%mdl 32]} d4 23. a5 Qa6 24. Qa3 Nc8 25. Qc5 Re6 26. Qc4 Qb7 27. a6 Qc7 28. Qc5 $36 {[%mdl 2048] White is pushing.} Nb6 29. Rb3 Qe7 30. Ra5 Rc8 ({Black should try} 30... Qh4 $11) 31. Nc4 $1 $14 {[%cal Rc4b6]} Qg5 (31... Qxc5 $14 32. Rxc5 Nxc4 33. Rxc4 Kf8) 32. Ra1 $1 $16 Nxc4 33. Qxc4 Rg6 (33... Ra8 $16 {was worth a try.}) 34. g3 $1 $18 Rf6 35. Qe2 ({Better is} 35. Qc5 $18) 35... h5 36. h4 Qg6 37. Rb7 Ra8 {[#]} 38. Ra5 $1 Re6 39. Qf3 Rf6 40. Qd3 Re6 41. Rc5 Qf6 42. Qb3 g5 43. hxg5 Qxg5 {[#]} 44. Rxc6 $1 {[%mdl 512]} Rae8 $2 (44... Rf6 45. Rxf6 Qxf6) (44... Rxc6 45. Qxf7+) 45. Rcc7 $2 (45. Rxa7 Qf6 46. Rxe6 Rxe6 47. Ra8+ Kh7 48. a7) 45... h4 $2 (45... Qf6 46. Qd3 Rf8 47. Rxa7 h4) 46. Rxf7 hxg3 47. Rg7+ $2 (47. fxg3 $18 Qh5 48. Rxa7 Qd1+ 49. Rf1) 47... Qxg7 $14 48. Rxg7+ Kxg7 49. Qxg3+ $2 {[%mdl 8192]} (49. fxg3 $14 Kg6 50. Qb5) 49... Rg6 {Precision: White = 55%, Black = 29%.} 0-1

[Event "ISR-chT 2018"]
[Site "Israel"]
[Date "2018.03.02"]
[Round "11"]
[White "Berenboym, Igor"]
[Black "Galburd, Yan"]
[Result "0-1"]
[WhiteElo "2122"]
[BlackElo "2360"]
[Annotator "TA"]
[PlyCount "90"]
[EventDate "2018.??.??"]
[EventType "team-tourn"]
[EventCountry "ISR"]
[SourceTitle "playchess.com"]
[Source "ChessBase"]
[SourceQuality "1"]

{[%evp 18,90,6,7,27,22,37,-16,0,0,0,-73,-40,-37,-47,-43,-21,-37,-6,-83,-96,-176,-54,-76,-77,-79,-40,-194,-207,-180,-193,-234,-175,-242,-240,-240,-237,-239,-223,-309,-309,-309,-309,-309,-309,-309,-309,-309,-309,-309,-309,-906,-875,-960,-958,-928,-888,-843,-741,-1664,-1268,-1956,-1926,-2017,-1854,-5210,-3401,-2833,-2163,-29980,-29981,-29981,-29982,-29982,-29983]} 1. e4 e5 2. Nf3 Nf6 3. Nxe5 d6 4. Nf3 Nxe4 5. Nc3 Nxc3 6. dxc3 Nc6 7. Bf4 Be7 8. Qd2 Be6 {C42: Petroff Defence: 3 Nxe5 and unusual White 3rd moves} 9. Nd4 Nxd4 10. cxd4 {LiveBook: 8 Games} c6 {[%cal Bc7c6,Bc6c5][%mdl 32] The position is equal.} 11. Bd3 O-O 12. h4 $146 (12. O-O $14) ({Predecessor:} 12. c3 Re8 13. O-O Qd7 14. Qc2 g6 15. Rfe1 Bf6 16. a4 {½-½ (24) Puranik,A (2459)-Nabaty,T (2640) Zalakaros 2017}) 12... a5 {[%cal Ba7a5,Ba5a4][%mdl 32]} (12... Bxh4 $6 13. g3 $16) 13. h5 Re8 14. f3 (14. O-O $11 {keeps the balance.}) 14... Qb6 15. c3 c5 16. Be3 a4 (16... Bf6 $5 {[%cal Rc5d4]} 17. dxc5 dxc5 $15) 17. Kf2 Bf6 {[%cal Rc5d4]} 18. g4 (18. h6 $11 {remains equal.}) 18... cxd4 $17 19. cxd4 {[#]} (19. Bxd4 $17 Bxd4+ 20. cxd4) 19... Bd5 (19... Bxg4 $1 $19 {[%mdl 512]} 20. Rae1 (20. fxg4 $2 Rxe3 21. Rhd1 Rae8 $19) 20... Bd7) 20. Rad1 h6 $36 {[%mdl 2048] Keeping White busy.} 21. Bb1 Kf8 22. g5 $2 {[#]} ({Better is} 22. Kg3 $15) 22... Rxe3 $1 $19 {[%mdl 512]} 23. Qxe3 Bxg5 24. Qc3 Be6 25. a3 (25. Kg3 {was called for.}) 25... Rc8 26. Qb4 Qxb4 27. axb4 Rc4 28. Kg3 Rxb4 29. Rh2 Be3 30. Re2 Bxd4 31. Re4 Be5+ 32. f4 Rxe4 33. Bxe4 Bxb2 {[%mdl 4096] Endgame KRB-KB} 34. f5 $2 (34. Rxd6 a3 35. Bb1) 34... Bb3 35. Rd3 Bc4 36. Rd2 a3 37. Bb1 b5 {[%cal Bb7b5,Bb5b4,Bb4b3][%mdl 32]} ({Less strong is} 37... a2 38. Bxa2 Be5+ 39. Kf3 $17) 38. Kf3 Ke7 (38... a2 39. Bxa2 Be5 40. Rc2 $15) 39. Rc2 Bd5+ (39... a2 40. Bxa2 Bxa2 41. Rxb2 $15) 40. Ke3 b4 ({Not} 40... a2 41. Bxa2 Bxa2 42. Rxb2 $17) 41. Kd3 b3 ({Weaker is} 41... a2 42. Bxa2 b3 43. Bxb3 $11) 42. Rxb2 axb2 43. Kd4 Bf3 {Black mates.} 44. Kc3 d5 45. Kxb3 Be4 {Precision: White = 30%, Black = 67%.} 0-1

[Event "ISR-chT 2018"]
[Site "Israel"]
[Date "2018.03.02"]
[Round "11"]
[White "Spicha, K  Alexander"]
[Black "Zanan, Evgeny"]
[Result "0-1"]
[WhiteElo "2083"]
[BlackElo "2478"]
[Annotator "TA"]
[PlyCount "80"]
[EventDate "2018.??.??"]
[EventType "team-tourn"]
[EventCountry "ISR"]
[SourceTitle "playchess.com"]
[Source "ChessBase"]
[SourceQuality "1"]

{[%evp 21,80,0,32,-22,-22,-6,-15,-31,0,-29,20,18,7,7,19,0,0,-44,-53,-63,-45,-115,-29,-42,-59,-56,-29,-54,0,-226,-134,-239,-210,-246,-255,-266,-222,-227,-230,-227,-217,-316,-156,-377,-375,-354,-348,-866,-706,-983,-514,-868,-872,-1298,-1227,-29989,-6039,-29989,-29990,-29996,-29997]} 1. e4 c5 2. Nf3 e6 3. d4 cxd4 4. Nxd4 Nc6 5. Nc3 Qc7 6. Be2 Nf6 7. O-O Be7 8. Be3 O-O 9. f4 d6 10. Qd2 a6 11. Rad1 Na5 {LiveBook: 3 Games. B83: Sicilian Scheveningen: 6 Be2, lines without ...a6} 12. b3 $146 (12. g4 $14) ({Predecessor:} 12. Qd3 b5 13. Bf3 Bb7 14. Kh1 Nc4 15. Bc1 Rad8 16. Qe2 Rfe8 17. b3 Nb6 18. Bb2 Nfd7 19. e5 dxe5 20. fxe5 {0-1 (78) Kazakov,K (2390)-Fier,A (2573) Almaty 2017}) 12... b5 $11 13. Bf3 Bb7 {The position is equal.} 14. Qd3 Nd7 {[%cal Bf6d7,Bd7c5,Bc5e4][%mdl 32]} 15. e5 d5 16. Nce2 Rac8 17. Qd2 g6 18. g3 Nc5 19. h4 Ne4 20. Qe1 Nc6 $36 {[%mdl 2048] Black has good play.} 21. Kg2 ({White should try} 21. Nxc6 $15 Qxc6 22. Bxe4 dxe4 23. c3) 21... Nb4 (21... Bb4 $17 22. c3 Nxc3 $1 {[%mdl 512]} 23. Nxc3 Nxd4 24. Bxd4 Bxc3) 22. c3 $1 {[%cal Rc3b4]} Nxa2 23. h5 $1 Naxc3 24. Rc1 {And now Bxe4 would win.} b4 ({Black should play} 24... Bb4 $1 $15 25. Rh1 Nxe2 26. Qxe2 Qd7 27. hxg6 fxg6) 25. g4 $2 {[#]} (25. hxg6 $1 $11 hxg6 26. Rh1) 25... Qd7 (25... g5 $1 $19 26. Bxe4 dxe4) 26. g5 (26. hxg6 $17 fxg6 27. Nxc3 bxc3 28. Bxe4 dxe4 29. Rxc3) 26... Nxe2 $19 27. Bxe2 Rxc1 28. Bxc1 Rc8 29. hxg6 hxg6 30. Rh1 {Intending Qh4 and mate.} Bf8 31. Bg4 (31. Bd3 $142) 31... Bg7 (31... Rc3 $19 {has better winning chances. Strongly threatening ...Rg3+.} 32. Be3 a5) 32. Qh4 $2 (32. Qxb4 $17 {was the only defense.} Rc3 33. Be2) 32... Rc3 (32... Kf8 $2 33. Bb2 $19) 33. Qh7+ Kf8 34. Bxe6 $2 (34. Qh2) 34... Rg3+ 35. Kf1 fxe6 36. Qxg6 (36. f5 $142 gxf5 37. g6) 36... Bc8 {...Qc7 is the strong threat.} 37. f5 Qc7 38. Bf4 {[#]} Rg4 (38... Qc3 $142 $1 39. Bxg3 Qxg3 40. Rh8+ Bxh8 41. Qh6+ Bg7 42. Nxe6+ Bxe6 43. Qxg7+ Kxg7 44. f6+ Kh8 45. Ke2 Bg4+ 46. Kf1 Qf2#) 39. Be3 Qc3 40. f6 Qd3+ {Precision: White = 28%, Black = 50%.} 0-1